Bristol Channel General Knowledge - Statistics

General Stats
  • This quiz has been taken 64 times
    54 since last reset
  • The average score is 6 of 12
Answer Stats
Hint Answer % Correct
Bordering 'country' to the north Wales
100%
Bordering 'country' to the south England
90%
The Bristol Channel forms part of this sea Celtic Sea
66%
Estuary that forms the eastern border Severn Estuary
61%
Largest urban areas bordering the Bristol Channel Swansea
54%
It has the world's second largest _____ range Tidal
41%
Bristol Channel's former name Severn Sea
39%
Bordering national parks Exmoor
32%
Largest urban areas bordering the Bristol Channel Weston-super-Mare
24%
Largest island Lundy
22%
Largest urban areas bordering the Bristol Channel Barry
15%
Bordering national parks Pembrokeshire Coast
15%
No matching quizzes found
Score Distribution
Percent of People with Each Score
Percentile by Number Answered
Your Score History
You have not taken this quiz since the last reset